01657naa a2200205 i 45000010005000000030009000050050017000140080039000310400036000700800010001061000159001162450111002755000130003865200423005166500031009396550030009707000157010007110052011577730242012091726KOSZ 00520180310120400.0140930s2002 pl a f |100 0 pol cKOSZ 005aKOSZ 005dKOSZ 005/HR a628.31 aANIELAK, Anna Maria.d1996 - 2011.bPolitechnika Koszalińska - Wydział Budownictwa i Inżynierii Środowiska,cKatedra Technologii Wody i Ścieków aMechanizm usuwania biogenów zmodyfikowanym zeolitem - Zeoforte /cAnna M. Anielak, Krzysztof Piaskowski. aDane z Informatora o publikowanych wynikach prac naukowo-badawczych w 2002 Wydziału Budownictwa i Inżynierii Środowiska. aMechanizm usuwania z roztworu jonów ortofosforanowych na zeolicie Zeoforte jest zbliżony do procesu chemicznego strącania - zachodzą analogiczne reakcje. Zastosowanie badanego produktu wiąże się również ze wzrostem zasolenia ścieków oczyszczonych. Pełna analiza i ocena procesu jest możliwa po przeprowadzeniu badań bez zeolitu, z udziałem reagentów zastosowanych do modyfikacji Zeoforte. 0aOczyszczalnia ścieków. 0aMateriały konferencyjne.1 aPIASKOWSKI, Krzysztof.d1998 - .bPolitechnika Koszalińska - Wydział Budownictwa i Inżynierii Środowiska,cKatedra Technologii Wody i Ścieków22aForum Zeolitowen(9 ;d2002 ;cWysowa, Polska). iW :tMateriały IX Forum Zeolitowego "Zeolity - synteza, adsorpcja, kataliza", Wysowa - Zdrój, 23-26 września 2002 / red. Joanna Kryściak-Czerwenka, Mirosław Derewiński. -dKraków : IKiFP PAN, 2002. -gs. 154-156z 8390732548